Estimació de la renda de les comarques i els principals municipis de Catalunya : ... / José García, Antoni Soy ... / José García, Antoni Soy
ISBN:
84-7794-091-6
Descripción Física:
taules ; 30 cm
Otros Autores:
Soy, Antoni, 1950-
Materias:
Renda -- Catalunya -- Estadístiques
MARC
| LEADER | 00000nam a2200000Ia 4500 | ||
|---|---|---|---|
| 001 | 8950, 9463 | ||
| 008 | 160829s1990 xx 000 0 cat d | ||
| 020 | |a 84-7794-091-6 (1985), 84-7794-164-5 (1987) | ||
| 080 | |a FU-23-37, FU-24-25 | ||
| 100 | |a García Quevedo, José |9 30703 | ||
| 245 | |a Estimació de la renda de les comarques i els principals municipis de Catalunya : |b ... / José García, Antoni Soy | ||
| 260 | |a Barcelona : |b Diputació de Barcelona, |c 1990 | ||
| 300 | |a taules ; |c 30 cm | ||
| 590 | |a Hi ha un duplicat de 1985 a: R. 9020, DUP-21-76 | ||
| 650 | |a Renda |x Catalunya |x Estadístiques |9 30704 | ||
| 700 | 1 | |a Soy, Antoni, |d 1950- |9 42665 | |
| 710 | 1 | |a Barcelona (Catalunya : Província). |b Diputació |9 52408 | |
| 866 | |a 1985, 1987 | ||
| 901 | |a Arxiu | ||
| 942 | |n 1 | ||
| 952 | |0 0 |1 0 |4 0 |6 FU2337_FU2425 |7 1 |9 45494 |a Arxiu |b Arxiu |d 2016-12-01 |l 0 |o FU-23-37, FU-24-25 |p 8950, 9463 |r 2016-12-01 00:00:00 |w 2016-12-01 |y ARXIU | ||
| 999 | |c 48659 |d 48659 | ||